000 00435nam a2200193Ia 4500
008 170918s9999 xx 000 0 und d
020 _a439396875
050 _bC182 2000
100 _aCameron, Ann
245 _aGloria's way /
245 _cAnn Cameron.
260 _aNew York :
260 _bScholastic,
260 _c2000
300 _a96 pages :
300 _bcolored illustration ;
300 _c19cm.
500 _a410
999 _c341506
_d341506